| 000 | 01302nam0a2200325 4500 | ||
|---|---|---|---|
| 001 | RU\NLR\bibl\539674 | ||
| 005 | 20260406132724.0 | ||
| 010 |
_a5-89237-125-5 _95000 |
||
| 021 |
_aRU _b2004-33024 _91659 |
||
| 035 | _a(NLR Aleph) 000531924 | ||
| 090 |
_a1358565 _c1358565 |
||
| 100 | _a20040713d2004 |||y0rusy50 ca | ||
| 101 | 0 | _arus | |
| 102 | _aRU | ||
| 105 | _aa ||||||||| | ||
| 200 | 1 |
_aГеометрические игры для детей 6-7 лет _fЛев Генденштейн и Елена Мадышева |
|
| 210 |
_aМ. _cИлекса _d2004 |
||
| 215 |
_a175 с. _cил. _d20 |
||
| 225 | 1 | _aЭнциклопедия развивающих игр | |
| 606 | 0 |
_aМатематические игры _xДошкольные учреждения _92498895 _3RU\NLR\AUTH\6601697830 |
|
| 606 | 0 |
_aДошкольники _xОзнакомление с геометрией _91027813 _3RU\NLR\auth\66393676 |
|
| 686 | _aЧ411.383 | ||
| 700 | 1 |
_4070 _8rus _7ca _aГенденштейн _bЛ. Э. _gЛев Элевич _3RU\NLR\auth\771989 _9112006 |
|
| 701 | 1 |
_4070 _8rus _7ca _aМадышева _bЕ. Л. _gЕлена Львовна _3RU\NLR\auth\772940 _9112947 |
|
| 801 | 0 |
_aRU _bNLR _c20040713 _gPSBO |
|
| 801 | 1 |
_aRU _bNLR _c20040713 |
|
| 942 | _cBOOK | ||
| 980 | _aNB | ||